| 000 | 01237nam a2200265Ia 4500 | ||
|---|---|---|---|
| 999 |
_c5729 _d5729 |
||
| 003 | OSt | ||
| 005 | 20200605145637.0 | ||
| 008 | 191128s1982 ck ad gr 000 0 spa d | ||
| 040 |
_aCO-JMCR _cCO-JMCR |
||
| 041 | 0 | _aspa | |
| 082 | 0 | 4 |
_a330.1 / _bS612n _223 |
| 111 | 1 |
_aSimposio sobre Los desarrollos recientes de la teoría económica (1981 : Cali, Colombia) _95048 |
|
| 245 | 1 | 0 |
_aNuevos desarrollos de la teoría económica / _cAlberto Corchuelo editor ; Edward J. Nell, Anuark Sahaikh y Jesús A. Bejarano [y otros] |
| 260 |
_aCali : _bUniversidad del Valle, _c1982 |
||
| 300 |
_a460 páginas : _bgráficos a blanco y negro ; _c20 cm. |
||
| 505 | _aPara entender la noción marxista de la explotación ; el problema número uno -- La transformación de Marx en Sraffa -- Cinco puntos críticos en la teoría neoclásica de los precios -- De Keynes al análisis post-keynesiano | ||
| 650 | 1 | 4 |
_aTeoría económica Economía _95049 |
| 650 | 2 | 4 |
_aTeoría neoclásica _95050 |
| 650 | 2 | 4 |
_aCongresos _xconferencias _95051 |
| 700 | 1 |
_aCorchuelo, Alberto, _eeditor _93143 |
|
| 700 | 1 |
_aNell, Edward J., _eautor _95052 |
|
| 700 | 1 |
_a Sahaikh, Anuark, _eautor _95053 |
|
| 700 | 1 |
_aBejarano, Jesús A., _eautor _95054 |
|
| 942 |
_2ddc _cBK |
||